| 000 | 00669nam a2200205Ia 4500 | ||
|---|---|---|---|
| 001 | 11451 | ||
| 003 | GE_BSU | ||
| 008 | 181216s||||||||xx |||||||||||||| ||und|| | ||
| 040 | _cGE_BSU | ||
| 100 | _aღამბაშიძე,ქ. | ||
| 245 | _aბაქტერიული სასუქები | ||
| 245 | _cრედ: ა.ჯ.მენაღარიშვილი. | ||
| 260 | _aთბილისი | ||
| 260 | _bსაბჭოთა საქართველო | ||
| 260 | _c1960 | ||
| 300 | _a121გვ;20სმ. | ||
| 300 | _bილ;ცხრილები. | ||
| 653 | _aბაქტერიული სასუქები | ||
| 942 | _cBK | ||
| 999 |
_c44648 _d44648 |
||